|
|
|
|
| LEADER |
00000cam a22000002c 4500 |
| 001 |
163534039X |
| 003 |
DE-627 |
| 005 |
20251225204202.0 |
| 007 |
tu |
| 008 |
880524s1982 xxu||||| 00| ||eng c |
| 020 |
|
|
|a 0723670412
|9 0-7236-7041-2
|
| 024 |
8 |
|
|a 81022027
|q Identnummer
|
| 035 |
|
|
|a (DE-627)163534039X
|
| 035 |
|
|
|a (DE-576)014097532
|
| 035 |
|
|
|a (DE-599)BSZ014097532
|
| 035 |
|
|
|a (OCoLC)239743419
|
| 035 |
|
|
|a (OCoLC)08113230
|
| 035 |
|
|
|a (DE-604)8000475343
|
| 040 |
|
|
|a DE-627
|b ger
|c DE-627
|e rakwb
|
| 041 |
|
|
|a eng
|
| 044 |
|
|
|c XD-US
|
| 050 |
|
0 |
|a RJ506.J88
|
| 060 |
|
0 |
|a WS 463 D353
|
| 082 |
0 |
|
|a 616.89
|
| 245 |
0 |
0 |
|a Delinquency and adolescent psychopathology
|b a family-ecological systems approach
|c ed. by Scott W. Henggeler
|
| 264 |
|
1 |
|a Boston [u.a.]
|b Wright/PSG
|c 1982
|
| 300 |
|
|
|a XI, 259 S.
|
| 336 |
|
|
|a Text
|b txt
|2 rdacontent
|
| 337 |
|
|
|a ohne Hilfsmittel zu benutzen
|b n
|2 rdamedia
|
| 338 |
|
|
|a Band
|b nc
|2 rdacarrier
|
| 505 |
8 |
|
|a The family-ecological systems theory / Scott W. HenggelerA comparison of traditional family therapy models and the family-ecological systems approach / Robert Schleser and J. Douglas Rodick -- Classification and epidemiology / Scott W. Henggeler, Molly A. Brunk, and William F. Haefele -- Parent-adolescent interaction and adolescent emancipation / J. Douglas Rodick and Scott W. Henggeler -- Psychosocial development of father-absent children / Charles M. Borduin and Scott W. Henggeler -- Social class, psychopathology, and family interaction / Scott Henggeler, Jon R. Urey, and Charles M. Borduin -- The behavior disorders and problems of female adolescents / Cindy L. Hanson and Scott W. Henggeler -- Peer relations in adolescence / Deborah H. Panella, Peter F. Cooper, and Scott W. Henggeler -- The impact of physical setting on the adolescent / Robert Cohen, Chloee K. Poag, and Judith A. Goodnight -- The role of adolescent cognition in the family-ecological model / Andrew W. Myers and Robert Cohen -- Treating the family of the adolescent / Charles M. Borduin ... [et al.] -- Delinquency prevention programs / M.M. Kralj and LaRue Allen.
|
| 583 |
1 |
|
|a Archivierung prüfen
|c 20200919
|f DE-640
|z 3
|2 pdager
|
| 650 |
|
0 |
|a Juvenile Delinquency
|
| 650 |
|
0 |
|a Adolescent psychopathology
|
| 650 |
|
0 |
|a Mentally ill children
|x Family relationships
|
| 650 |
|
0 |
|a Family psychotherapy
|
| 650 |
|
2 |
|a Juvenile Delinquency
|
| 650 |
|
2 |
|a Psychopathology
|x In adolescence
|
| 655 |
|
7 |
|a Aufsatzsammlung
|0 (DE-588)4143413-4
|0 (DE-627)105605727
|0 (DE-576)209726091
|2 gnd-content
|
| 689 |
0 |
0 |
|d s
|0 (DE-588)4028859-6
|0 (DE-627)104419199
|0 (DE-576)208979859
|a Jugend
|2 gnd
|
| 689 |
0 |
1 |
|d s
|0 (DE-588)4047724-1
|0 (DE-627)10482624X
|0 (DE-576)209074507
|a Psychopathologie
|2 gnd
|
| 689 |
0 |
|
|5 (DE-627)
|
| 689 |
1 |
0 |
|d s
|0 (DE-588)4016421-4
|0 (DE-627)106333240
|0 (DE-576)208915915
|a Familientherapie
|2 gnd
|
| 689 |
1 |
|
|5 (DE-627)
|
| 689 |
2 |
0 |
|d s
|0 (DE-588)4028893-6
|0 (DE-627)106276565
|0 (DE-576)208979999
|a Jugendkriminalität
|2 gnd
|
| 689 |
2 |
|
|5 (DE-627)
|
| 689 |
3 |
0 |
|d s
|0 (DE-588)4133263-5
|0 (DE-627)105681466
|0 (DE-576)209642432
|a Abnorme Persönlichkeit
|2 gnd
|
| 689 |
3 |
1 |
|d s
|0 (DE-588)4033178-7
|0 (DE-627)10458503X
|0 (DE-576)209000511
|a Kriminalität
|2 gnd
|
| 689 |
3 |
|
|5 (DE-627)
|
| 700 |
1 |
|
|a Henggeler, Scott W.
|d 1950-
|e Hrsg.
|0 (DE-588)17213367X
|0 (DE-627)697047733
|0 (DE-576)164809422
|4 edt
|
| 889 |
|
|
|w (DE-627)197379540
|
| 935 |
|
|
|i mdedup
|
| 951 |
|
|
|a BO
|
| ELC |
|
|
|b 1
|
| LOK |
|
|
|0 000 xxxxxcx a22 zn 4500
|
| LOK |
|
|
|0 001 3291541812
|
| LOK |
|
|
|0 003 DE-627
|
| LOK |
|
|
|0 004 163534039X
|
| LOK |
|
|
|0 005 20020606000000
|
| LOK |
|
|
|0 008 880524||||||||||||||||ger|||||||
|
| LOK |
|
|
|0 040
|a DE-21
|c DE-627
|d DE-21
|
| LOK |
|
|
|0 852
|a DE-21
|
| LOK |
|
|
|0 852 1
|c KB 15 A 910
|9 00
|
| LOK |
|
|
|0 935
|a krim
|
| LOK |
|
|
|0 936ln
|a k8.6.8
|
| LOK |
|
|
|0 939
|a 24-05-88
|b l01
|
| ORI |
|
|
|a SA-MARC-krimdoka001.raw
|
| SIG |
|
|
|a UB: KB 15 A 910
|